| 000 | 00519nam a2200169Ia 4500 | ||
|---|---|---|---|
| 003 | LK-CoDNM | ||
| 008 | 010623t1996 xxu||||| |||| 00| 1 sin d | ||
| 040 |
_aLK-CoDNM _dLK-CoDNM _eLK-CoDNM |
||
| 041 | _asin | ||
| 080 | _a91 KULASE | ||
| 100 | _aKulasekara, Lalantha | ||
| 245 | _aමානව භූගෝල විද්යාව - ගැටළු විසදුම් | ||
| 246 | _aManava Boogola Vidyava Getalu - Visadum | ||
| 260 |
_bUdaya Printers _aGanemulla _c1996 |
||
| 300 | _b72p, 21 cm | ||
| 942 | _cBK | ||
| 999 |
_c117828 _d117828 |
||